Chemie pro gymnázia v testových úlohach
Saved in:
| Main Author: | |
|---|---|
| Format: | Book |
| Language: | Czech |
| Published: |
Praha
Státní pedagogické nakladatelství
1998
|
| Edition: | 1. vyd. |
| Subjects: | |
| Online Access: | View in OPAC |
| Tags: |
No Tags, Be the first to tag this record!
|
MARC
| LEADER | 00000nam a2200000 a 4500 | ||
|---|---|---|---|
| 005 | 20260127134226.0 | ||
| 008 | 050120 1998 xr 000 0 cze d | ||
| 020 | |a 8085937956 | ||
| 035 | |a vtls001489690 | ||
| 039 | 9 | |a 200612131357 |b mschk04 |c 200604200933 |d mschk03 |c 200604200933 |d mschk03 |c 200502101057 |d mschk04 |y 200501201407 |z mschk03 | |
| 040 | |a STUSCHK1 |b slo |c STUSCHK1 |e AACR2 | ||
| 080 | |a 54 | ||
| 100 | 1 | |a Kodíček, Milan, |d 1948- |9 531 | |
| 245 | 1 | |a Chemie pro gymnázia v testových úlohach | |
| 250 | |a 1. vyd. | ||
| 260 | |a Praha |b Státní pedagogické nakladatelství |c 1998 | ||
| 300 | |a 143 s. | ||
| 650 | 0 | |a chémia pre stredné školy | |
| 910 | |a SCHK95 | ||
| 919 | |a 80-85937-95-6 | ||
| 999 | |c 7174 |d 7174 | ||